| 000 | 00000nam##2200000za#4500 |
| 001 | 9.569730 |
| 003 | CaOODSP |
| 005 | 20210624181916 |
| 007 | cr ||||||||||| |
| 008 | 150406|2001||||xxc|||||o f|0| 0 eng|d |
| 040 | |aCaOODSP|beng |
| 043 | |an-cn--- |
| 086 | 1 |aNH18-1/276-2001E-PDF |
| 110 | 2 |aCanada Mortgage and Housing Corporation. |
| 245 | 10|aInvolving homeless and formerly homeless clients in projects and programs to address homelessness : |h[electronic resource]|bfinal report / |cjointly funded by the Canada Mortgage and Housing Corporation and the National Secretariat on Homelessness. |
| 260 | |aOttawa - Ontario : |bCanada Mortgage and Housing Corporation |cOctober 2001. |
| 300 | |a73p.|bfig., glossary, tables |
| 490 | 1 |aResearch report |
| 546 | |a(Résumé en français.) |
| 590 | |a11-26-Supp|b2011-11-03 |
| 710 | 2 |aNational Secretariat on Homelessness. |
| 830 | #0|aResearch report (Canada Mortgage and Housing Corporation : Online)|w(CaOODSP)9.506068 |
| 856 | 40|ahttp://publications.gc.ca|qPDF|s5.72 MB|uhttps://publications.gc.ca/collections/collection_2011/schl-cmhc/nh18-1/NH18-1-276-2001-eng.pdf |